Instrucción pública en su parte secundaria, superior, especial e histórica. Recopilación de leyes, decretos supremos, circulares y acuerdos del consejo de instrucción pública
Saved in:
| Main Author: | |
|---|---|
| Format: | Book |
| Language: | Spanish |
| Published: |
Santiago
Los Debates
1890
|
| Subjects: | |
| Tags: |
Add Tag
No Tags, Be the first to tag this record!
|
MARC
| LEADER | 00000nam a2200000 a 4500 | ||
|---|---|---|---|
| 001 | UCR4275 | ||
| 003 | CL-VaPUC | ||
| 008 | 980307e18900000CL |||||||||||||||||spa|d | ||
| 082 | 0 | 4 | |a 344.8307 |b ROS |2 21 |
| 100 | 0 | |a Rosales, Justo Abel |e author |9 404111 | |
| 245 | 1 | 0 | |a Instrucción pública en su parte secundaria, superior, especial e histórica. Recopilación de leyes, decretos supremos, circulares y acuerdos del consejo de instrucción pública |
| 300 | |a 739 p | ||
| 942 | |c BK | ||
| 945 | |d 19980307 00:00:00 |a crobeson | ||
| 260 | |a Santiago |b Los Debates |c 1890 | ||
| 600 | 0 | |a Ministerio de Educación |9 396557 | |
| 650 | 7 | |a LEGISLACION CHILENA |2 CL-VaPUC |9 404063 | |
| 650 | 0 | |a Educación superior |9 223851 | |
| 651 | 7 | |a CHILE |2 CL-VaPUC |9 404112 | |
| 583 | |a last modification |c 20131129 01:58:30 |k Rodrigo Vera | ||
| 999 | |c 267222 |d 267220 | ||
| 952 | |0 0 |1 0 |4 0 |6 344_830700000000000_ROS_1890 |7 0 |8 X |9 299452 |a BIBDER |b BIBDER |d 2019-11-20 |i 1948830 |o 344.8307 ROS 1890 |p 1948830 |r 2023-01-25 |w 2019-11-20 |y BK_X |k DER | ||